Devine le joueur de football selon ses clubs #6 - Statistiques

Statistiques générales
  • Ce quiz a été pris 408 fois
  • Le résultat moyen est 6 sur 10
Statistiques - réponses
1er club 2ème club 3ème club Joueurs % Correct
OL Real Madrid Ittihad Club Benzema
93%
Birmingham Dortmund Real Madrid Bellingham
88%
PSG Leipzig Chelsea FC Nkunku
74%
Atlético de Madrid Bayern PSG Hernandez
72%
Benfica AS Monaco Manchester City Bernardo Silva
71%
Saint-Etienne Leicester City Chelsea FC Fofana
62%
Benfica B Benfica Manchester City Dias
59%
SC Internacional AS Rome Liverpool FC Alisson
57%
Sao Paulo FC FC Porto Real Madrid Militao
46%
AS Roma US Sassuolo AS Roma Pellegrini
12%
Aucun quiz correspondant
Distribution des résultats
% des personnes avec chaque résultat
Percentile par nombre de réponses
Votre historique - résultats
Vous n’avez pas pris ce quiz